00450nam a2200121Ia 4500008004100000245013900041260004500180260000900225300000800234500001100242650001300253856006200266170516s9999 xx 000 0 und d aAlginate encapsulated mesoporous silica nanospheres as a sustained drug delivery system for the poorly water-soluble drug indomethacin bAsian Journal of Pharmaceutical Sciences c2014 a9:4 aAugust xPharmacy uhttp://www.sciencedirect.com/science/journal/18180876/9/4